Statistics for Nrl Teams in 1 minute

Click here to take the quiz!

General Stats

  • This quiz has been taken 7,180 times
  • The average score is 11 of 16

Answer Stats

Answer% Correct
Storm
88%
Broncos
85%
Roosters
79%
Titans
78%
Cowboys
75%
Tigers
73%
Bulldogs
72%
Eels
72%
Panthers
71%
Warriors
71%
Rabbitohs
70%
Raiders
69%
Sharks
66%
Dragons
62%
Knights
60%
Sea Eagles
59%

Score Distribution

Percentile by Number Answered

Percent of People with Each Score

Your Score History

You have not taken this quiz